000 01131nam0a22003011 4500
001 rc\3946559
005 20260514131853.0
021 _aRU
_b[53-36734]
035 _a(NLR Aleph) 008041627
090 _a8884952
_c8884951
100 _a20130415d1953 u y0rusy50 ca
101 0 _arus
102 _aRU
105 _ae z |||||
200 1 _aКубанский колхоз имени Ленина
_e[Курганин. район]
205 _a2-е изд., испр.
210 _aМосква
_cСельхозгиз
_d1953
215 _a126 с., 1 л. пл.
_cграф.
_d20
225 1 _aКолхозы нашей страны
606 _aКолхозы
_yКраснодарский край
_2psbo
606 _aМашинно-тракторные станции
_yКраснодарский край
_2psbo
700 1 _7ca
_8rus
_aВасильев
_bП. И.
_cканд. экон. наук, сельское хоз-во
_gПетр Иванович
_92708962
_3RU\NLR\AUTH\770293587
801 0 _aRU
_bNLR
_gpsbo
801 1 _aRU
_bELAR
_2rusmarc
852 _aNLR
_jЭк50 Г-3/364
942 _cBOOK
980 _aNB